000
00341nam a2200145Ia 4500
008
150201s2012 xx 000 0 und d
082
_a
611
_b
C12S
100
_a
SINGH, VISHRAM
245
_a
CLINICAL & SURGICAL ANATOMY
250
_a
2ND
260
_b
ELSEVIER
_a
INDIA
_c
2012
300
_a
1-508
650
_a
HUMAN ANATOMY
942
_2
ddc
_c
BK
999
_c
1583
_d
1583